Bertolt Brecht / (Record no. 200094)

MARC details
000 -LEADER
fixed length control field 00943nam a2200301 a 4500
001 - CONTROL NUMBER
control field vtls000196624
003 - CONTROL NUMBER IDENTIFIER
control field NLI
005 - DATE AND TIME OF LATEST TRANSACTION
control field 20210602113033.0
008 - FIXED-LENGTH DATA ELEMENTS--GENERAL INFORMATION
fixed length control field 101125s1961 gw 000 0 eng
020 ## - INTERNATIONAL STANDARD BOOK NUMBER
Terms of availability Rs. 6.00
039 #9 - LEVEL OF BIBLIOGRAPHIC CONTROL AND CODING DETAIL [OBSOLETE]
-- 201011252325
-- VLOAD
040 0# - CATALOGING SOURCE
Original cataloging agency NLI
Language of cataloging eng
Transcribing agency VERGIS-2010
Description conventions AACR2
041 0# - LANGUAGE CODE
Language code of text/sound track or separate title eng
044 ## - COUNTRY OF PUBLISHING/PRODUCING ENTITY CODE
MARC country code gw
082 04 - DEWEY DECIMAL CLASSIFICATION NUMBER
Classification number 832.91
100 1# - MAIN ENTRY--PERSONAL NAME
Personal name Grimm, Reinhold
9 (RLIN) 374468
245 10 - TITLE STATEMENT
Title Bertolt Brecht /
Statement of responsibility, etc. Reinhold Grimm
260 ## - PUBLICATION, DISTRIBUTION, ETC.
Place of publication, distribution, etc. Stuttgart :
Name of publisher, distributor, etc. Metzler,
Date of publication, distribution, etc. 1961
300 ## - PHYSICAL DESCRIPTION
Extent xv, 111 p. ;
Dimensions 19 cm.
600 10 - SUBJECT ADDED ENTRY--PERSONAL NAME
Personal name Brecht, Bertolt,
Dates associated with a name 1898-1956
General subdivision Criticism and interpretation
9 (RLIN) 372732
650 #0 - SUBJECT ADDED ENTRY--TOPICAL TERM
Topical term or geographic name entry element German drama
General subdivision History and criticism
9 (RLIN) 373028
887 ## - NON-MARC INFORMATION FIELD
Content of non-MARC field
901 ## - LOCAL DATA ELEMENT A, LDA (RLIN)
a 356239
b 04.10.1963
902 ## - LOCAL DATA ELEMENT B, LDB (RLIN)
a E 832.91 G 882 b
942 ## - ADDED ENTRY ELEMENTS (KOHA)
Source of classification or shelving scheme Dewey Decimal Classification
Koha item type Books
949 ## - LOCAL PROCESSING INFORMATION (OCLC)
-- VIRTUAITEM
-- 10000
-- 100
6 PUR000356239ENG
Holdings
Withdrawn status Lost status Damaged status Not for loan Collection code Home library Current library Shelving location Date acquired Total Checkouts Full call number Barcode Date last seen Price effective from Koha item type
        New English National Library of India National Library of India New English - Main Stack Division     E 832.91 G 882 b PUR000356239ENG 02/06/2021 02/06/2021 Books
                                                                           
web counter

Copyright ©2020 The National Library of India, Govt. of India ↔ Hosted by NVLI, MOC ↔ Technology and Design by National Library of India, Ministry of Culture, Govt. of India